|
|
|
|
| LEADER |
00796nam a2200265 4500 |
| 001 |
DLU090082664 |
| 005 |
##20091007 |
| 040 |
# |
# |
|a DLU
|b vie
|
| 041 |
# |
# |
|a vie
|
| 044 |
# |
# |
|a vn
|
| 100 |
# |
# |
|a Đinh Ngọc Đức.
|
| 245 |
# |
# |
|a Du lịch Việt Nam tham gia tổ chức thương mại thế giới /
|c Đinh Ngọc Đức.
|
| 653 |
# |
# |
|a Doang nghiệp thương mại
|
| 653 |
# |
# |
|a Doanh nghiệp liên doanh
|
| 653 |
# |
# |
|a Thương mại quốc tế
|
| 773 |
# |
# |
|t Du lịch Việt Nam
|g Số 1, 2008, tr. 46
|
| 920 |
# |
# |
|a Phòng Tạp chí -- Trung tâm Thông tin - Thư viện Trường Đại học Đà Lạt
|
| 994 |
# |
# |
|a DLU
|
| 900 |
# |
# |
|a True
|
| 911 |
# |
# |
|a Nguyễn Thị Linh Chi
|
| 925 |
# |
# |
|a G
|
| 926 |
# |
# |
|a A
|
| 927 |
# |
# |
|a BB
|
| 980 |
# |
# |
|a Thư viện Trường Đại học Đà Lạt
|